Principal diseases of marine fish and shellfish
Gardado en:
| Autor Principal: | |
|---|---|
| Formato: | Libro |
| Idioma: | inglés |
| Publicado: |
Nueva York
Academic Press
1970
|
| Subjects: | |
| Tags: |
Engadir etiqueta
Sen Etiquetas, Sexa o primeiro en etiquetar este rexistro!
|
MARC
| LEADER | 00000nam a2200000 a 4500 | ||
|---|---|---|---|
| 001 | UCY3349 | ||
| 003 | CL-VaPUC | ||
| 008 | 941221e19700000US |||||||||||||||||eng|d | ||
| 082 | 0 | 4 | |a 597.02 |b SIN |2 21 |
| 100 | 0 | |a Sindermann, Carl J |e author |9 331611 | |
| 245 | 1 | 0 | |a Principal diseases of marine fish and shellfish |
| 300 | |a 369 p | ||
| 942 | |c BK | ||
| 945 | |d 19941221 00:00:00 |a mfernand | ||
| 260 | |a Nueva York |b Academic Press |c 1970 | ||
| 650 | 7 | |a ENFERMEDADES DE LOS PECES |2 CL-VaPUC |9 259987 | |
| 650 | 7 | |a PECES MARINOS |2 CL-VaPUC |9 331612 | |
| 650 | 0 | |a Mariscos |9 259766 | |
| 583 | |a last modification |c 19941221 00:00:00 |k Rodrigo Vera | ||
| 999 | |c 231505 |d 231503 | ||
| 952 | |0 0 |1 0 |2 ddc |4 0 |6 597_020000000000000_SIN_1970 |7 0 |8 CCM |9 234811 |a BIBCUR |b BIBCUR |c PAC |d 2019-11-15 |i 3045811 |o 597.02 SIN 1970 |p 3045811 |r 2025-04-22 |w 2019-11-15 |y BK |k CIM | ||